Normal view
MARC view
- Sen, Gautam
Entry Personal Name
001 - CONTROL NUMBER
- control field: 37181
003 - CONTROL NUMBER IDENTIFIER
- control field: NUST
005 - DATE AND TIME OF LATEST TRANSACTION
- control field: 20210314130217.0
008 - FIXED-LENGTH DATA ELEMENTS
- fixed length control field: 210314|| aca||aabn | a|a d
040 ## - CATALOGING SOURCE
- Original cataloging agency: NUST
- Transcribing agency: NUST
100 ## - HEADING--PERSONAL NAME
- Personal name: Sen, Gautam
670 ## - SOURCE DATA FOUND
- Source citation: Work cat.: (NUST): Sen, Gautam,, The military origins of industrialisation and international trade rivalry /, 1984.
